000 01101naa a22002657a 4500
001 BR7901944
003 BR-BrBNA
005 20240918174342.0
007 ta
008 230509b bl.||||| |||| 00| 0 por d
040 _aBR-BrBNA
_bpor
_cBiblioteca Nacional de Agricultura
041 _a(Pt)
072 _aF00; F50
_b3300
_bG514
090 _aF00 BR7901944
100 1 _aRussouwsky, R.W.
245 1 _aFolhagens brasileiras [planta ornamental, estrutura vegetal, pratica cultural, Brasil]
260 3 _aPorto Alegre, RS (Brasil):
_bGlobo,
_c1978.
500 _aMagalhaes, A.; Bordini, M. da G. (eds.) Grande manual globo de agricultura, pecuaria e receituario industrial Porto Alegre, RS (Brasil): Globo, 1978. p. 132-141 (BR7901944-AM)F00
650 _aESTRUTURA VEGETAL
650 _aPLANTA ORNAMENTAL
650 _aPRATICA CULTURAL
773 0 _tGrande manual globo de agricultura, pecuaria e receituario industrial
_aMagalhaes, A.; Bordini, M. da G. (eds.)
_b
_wF00 BR7901944
_gPorto Alegre, RS (Brasil), 1978. p. 132-141
909 _a202404
_bLucia
_c55
_dLucia Elande
942 _cAM
_2AGRIS
999 _c310655
_d310655